000 00639nam a2200253Ia 4500
003 OSt
005 20221006143256.0
006 a|||||r|||| 00| 0
007 ta
008 221006b |||||||| |||| 00| 0 eng d
020 _c294.93
024 _a8,527
037 _cTextual
040 _aEASL
_cEASL
_beng
041 _2eng
_aeng
082 _aXvN, M0
100 _aSpengler Joseph J.
245 0 _aOrigins of economic thought and justice
260 _aLondon
_bFeffer & Simons
_c1980
300 _a174p.
_ccm.
490 _v Oth
942 _hXvN, M0
_cTEXL
_2CC
999 _c1076613
_d1076613